| 000 | 00543nam a2200229Ia 4500 | ||
|---|---|---|---|
| 003 | 0100 | ||
| 008 | 130303s9999 xx 000 0 und d | ||
| 040 | _cARRUPELIB | ||
| 050 | _aBF637.C6G42 1995 | ||
| 100 | _aGeorge, Rickey L | ||
| 245 | _aCounseling | ||
| 245 | _btheory and practice | ||
| 260 | _aBoston | ||
| 260 | _bAllyn and Bacon | ||
| 260 | _C1995 | ||
| 300 | _aviii | ||
| 300 | _b 312p. 23 cm. | ||
| 650 | _bIgnatius of Loyola,St | ||
| 650 | _cFrancis Xavier, St | ||
| 700 | _aCristiani, Therese S | ||
| 942 |
_2lcc _02 |
||
| 999 |
_c58621 _d58621 |
||